000
00337nam a2200145 4500
999
_c
8822
_d
8822
003
OSt
005
20210223121809.0
008
210223b ||||| |||| 00| 0 eng d
020
_a
9780364424063
082
_a
534
_b
WOO
100
_a
Albert Beaumont wood
245
_a
A Textbook of sound
260
_b
The Macmillan company
942
_2
ddc